Clueless #15 - Statistics

General Stats
  • This quiz has been taken 876 times
    745 since last reset
  • The average score is 56 of 159
Answer Stats
Word % Correct
       a       
97%
      the      
94%
      The      
94%
      THE      
94%
      are      
84%
      is      
84%
      our      
82%
      us      
82%
      we      
82%
      We      
82%
     us --     
82%
      and      
77%
      on      
72%
      be      
70%
      to      
70%
      in      
69%
     Four      
68%
     seven     
68%
      did      
67%
      do      
67%
      for      
67%
     their     
64%
     they      
64%
      of      
62%
      it      
60%
      It      
60%
      it,      
60%
     that      
59%
     those     
59%
     which     
59%
      not      
58%
     thus      
58%
      so      
57%
    people,    
56%
     men,      
55%
      men      
55%
     shall     
55%
     these     
55%
     this.     
55%
     this      
55%
     will      
55%
     years     
54%
      can      
53%
     what      
53%
     have      
52%
      who      
51%
     score     
51%
      all      
48%
  GETTYSBURG  
48%
    nation    
47%
    nation,    
47%
      ago      
47%
      by      
45%
    living    
43%
    living,    
43%
     live.     
43%
     lives     
43%
      add      
41%
    should    
41%
     But,      
40%
      but      
40%
    ADDRESS    
40%
     from      
39%
      as      
39%
    fathers    
38%
      nor      
38%
     gave      
35%
     God,      
35%
      say      
35%
     here,     
34%
     here.     
34%
     here      
34%
      or      
34%
    equal.    
33%
    fought    
33%
     war,      
33%
     war.      
33%
      Now      
32%
  freedom --  
31%
     come      
31%
     great     
31%
    created    
30%
     died      
30%
      new      
29%
     under     
29%
     might     
28%
     world     
28%
     never     
27%
     take      
27%
     dead,     
26%
     dead      
26%
  battlefield  
24%
   Liberty,    
23%
    brought    
23%
     brave     
22%
      any      
22%
    vain --    
22%
    earth.    
21%
    forget    
20%
     place     
20%
  continent,  
19%
     civil     
19%
     long      
19%
   remember    
19%
  government  
18%
    before    
18%
     forth     
18%
     last      
17%
  altogether  
16%
      far      
15%
    field,    
14%
    perish    
14%
  dedicated,  
13%
  dedicate --  
13%
   dedicated   
13%
   dedicate    
13%
     work      
13%
   conceived   
12%
    ground.    
12%
    honored    
12%
     cause     
12%
     final     
12%
     power     
12%
    resting    
12%
    engaged    
11%
    little    
11%
     birth     
11%
    endure.    
10%
     above     
10%
      met      
10%
    proper    
10%
    sense,    
10%
    testing    
10%
  proposition  
10%
 consecrate -- 
9%
  consecrated  
9%
   hallow --   
9%
    fitting    
9%
    portion    
9%
    whether    
9%
    larger    
8%
     poor      
8%
   remaining   
8%
     full      
7%
     nobly     
7%
     note,     
7%
     task      
7%
   struggled   
7%
  devotion --  
6%
   detract.    
6%
   devotion    
6%
    highly    
6%
    measure    
6%
   advanced.   
5%
    rather    
5%
    rather,    
5%
    resolve    
5%
  unfinished  
5%
   increased   
4%
No matching quizzes found
Score Distribution
Percent of People with Each Score
Percentile by Number Answered
Your Score History
You have not taken this quiz since the last reset